Africa Capital Quiz - Statistics

General Stats
  • This quiz has been taken 9 times
  • The average score is 36 of 54
Answers on the Map
Answers color-coded by a green-red scale on the quiz's map according to % correct below.
 
Answer Stats
Answer % Correct
Algiers
100%
Cairo
100%
Tripoli
100%
Tunis
100%
Addis Ababa
88%
Djibouti
88%
Gaborone
88%
Mogadishu
88%
Pretoria
88%
Rabat
88%
Abuja
75%
Bangui
75%
Bissau
75%
Brazzaville
75%
Freetown
75%
Gitega
75%
Harare
75%
Khartoum
75%
Kinshasa
75%
Nairobi
75%
Niamey
75%
Accra
63%
Antananarivo
63%
Asmara
63%
Conakry
63%
Dakar
63%
Dodoma
63%
Juba
63%
Kampala
63%
Kigali
63%
Lilongwe
63%
Lome
63%
Luanda
63%
Lusaka
63%
Maputo
63%
Maseru
63%
Monrovia
63%
N'Djamena
63%
São Tomé
63%
Victoria
63%
Windhoek
63%
Yaounde
63%
Bamako
50%
Banjul
50%
Libreville
50%
Malabo
50%
Mbabane
50%
Moroni
50%
Nouakchott
50%
Ouagadougou
50%
Port Louis
50%
Praia
50%
Porto-Novo
38%
Yamoussoukro
25%
No matching quizzes found
Score Distribution
Percent of People with Each Score
Percentile by Number Answered
Your Score History
You have not taken this quiz